Acceso a los mercados para los países en desarrollo /
Guardat en:
| Autor principal: | |
|---|---|
| Format: | Text |
| Matèries: | |
| Etiquetes: |
Afegir etiqueta
Sense etiquetes, Sigues el primer a etiquetar aquest registre!
|
MARC
| LEADER | 00000 a a2200000 04500 | ||
|---|---|---|---|
| 001 | 8070 | ||
| 003 | |||
| 040 | |||
| 100 | |a Lankes, Hans Peter | ||
| 245 | |a Acceso a los mercados para los países en desarrollo / |c Hans Peter Lankes | ||
| 650 | |a PAISES EN DESARROLLO | ||
| 650 | |a EXPORTACIONES | ||
| 650 | |a LIBRE COMERCIO | ||
| 650 | |a PRODUCCION AGROPECUARIA | ||
| 650 | |a INDUSTRIA TEXTIL | ||
| 650 | |a PROTECCIONISMO | ||
| 650 | |a SUBSIDIOS | ||
| 773 | |g volumen 39, número 3; páginas 8-13 | ||
| 999 | |c 22517 |d 22517 | ||
